| 000 | 00966nam a22003137a 4500 | ||
|---|---|---|---|
| 003 | CHAP | ||
| 005 | 20220329135645.0 | ||
| 008 | 971013s1979 r 00010 d | ||
| 010 | _a40058 | ||
| 011 | _a41030 | ||
| 035 | _a45156 | ||
| 040 | _cCHAP | ||
| 082 |
_a633.5 _bM63 |
||
| 100 | 0 | 0 |
_aMorales Guzmán, Néstor. _978291 |
| 245 |
_aEstudio técnico, financiero y social de savia de maguey _b: miel de aguamiel |
||
| 260 |
_a(s.l.) : _bPatronato del Maguey, _c1979 |
||
| 300 | _a112 h | ||
| 490 |
_aEstudio y proyectos _v; 10 |
||
| 500 | _aFotocopia | ||
| 590 |
_aBATCH-UPD _b10 _c20130110 _lUCH01 _h1829 |
||
| 590 |
_aBATCH-UPD _b10 _c20130410 _lUCH01 _h1202 |
||
| 590 |
_aBATCH-UPD _b10 _c20130913 _lUCH01 _h2331 |
||
| 590 |
_aCONVERSION _b10 _c20130109 _lUCH01 _h1322 |
||
| 650 | 1 | 4 |
_aAguamiel. _92574 |
| 830 | 0 |
_aEstudio y proyectos _v; 10 _938512 |
|
| 901 | _aBK | ||
| 942 | _cLIBRO | ||
| 949 |
_a633.5 M63 _bBC _cLIBRO _d33724000218541 _eLIBRO _h60735 _i45156 _si |
||
| 999 |
_c40058 _d40058 |
||